| 000 | 00778cab a2200265 4500 | ||
|---|---|---|---|
| 001 | WB2906-21 | ||
| 008 | 090401t1993 xxu||||| |||| 00| 0 eng d | ||
| 035 | _a(Sirsi) u48484 | ||
| 041 | _aeng | ||
| 245 | 4 | _aThe past in its place | |
| 260 | _c1993 | ||
| 350 | _a0 | ||
| 490 |
_aTimes _v6 February 1993, W1(2) |
||
| 520 | _aInterview with Clive Aslet, editor of `Country Life`, discussing whether historic buildings should be fully restored after fire with reference to Windsor Castle, Uppark and Hampton Court. | ||
| 650 | _aEROS | ||
| 650 | _aFIRE DAMAGE | ||
| 650 | _aHAMPTON COURT | ||
| 650 | _aHISTORIC BUILDINGS | ||
| 650 | _aRESTORATION | ||
| 650 | _aUPPARK | ||
| 650 | _aWINDSOR CASTLE | ||
| 690 | _aCONSERVATION | ||
| 942 | _n0 | ||
| 948 | _c04/03/1997 | ||
| 999 |
_c30457 _d30457 |
||